| 000 | 00683nam a2200301Ia 4500 | ||
|---|---|---|---|
| 005 | 20260401122055.0 | ||
| 008 | 008 250103s9999 xx 000 0 eng d | ||
| 020 | _a333746759 | ||
| 037 | _aTB | ||
| 040 | _aEDL | ||
| 040 | _beng | ||
| 040 | _cEDL | ||
| 041 | _2eng | ||
| 041 | _aeng | ||
| 084 | _a821.4 JOR | ||
| 084 | _qEDL | ||
| 100 |
_aJordan, Matthew _91232519 |
||
| 245 | 0 | _aMilton and Modernity: Politics, Masculinity and Paradise Lost | |
| 245 | 0 | _cJordan, Matthew | |
| 260 | _aHourdmills | ||
| 260 | _bPalgrave | ||
| 260 | _c2001 | ||
| 300 | _a228p | ||
| 942 | _cTB | ||
| 942 | _h821.4 JOR | ||
| 999 |
_c1844739 _d1844739 |
||